MF SR zvýšilo základné imanie IRB o 5,7 mld. Sk

Mimoriadne valné zhromaždenie akcionárov Investičnej a rozvojovej banky (IRB), a.s. Bratislava rozhodlo o zvýšení základného imania. Začiatok procesu ozdravenia IRB. Majoritným akcionárom IRB sa stal rezort financií. Postupnosť krokov, ktoré by mali viesť k ozdraveniu banky. Presun aktív do Konsolid...

Ausführliche Beschreibung

Gespeichert in:
Bibliographische Detailangaben
1. Verfasser: Medžová, Andrea
Format: Buchkapitel
Sprache:Slowakisch
Schlagworte:
Tags: Tag hinzufügen
Keine Tags, Fügen Sie das erste Tag hinzu!

MARC

LEADER 00000naa a2200000 4500
001 r035857
005 20230921103726.5
041 0 |a slo 
044 |a SK 
245 1 0 |a MF SR zvýšilo základné imanie IRB o 5,7 mld. Sk  |c Andrea Medžová 
520 |a Mimoriadne valné zhromaždenie akcionárov Investičnej a rozvojovej banky (IRB), a.s. Bratislava rozhodlo o zvýšení základného imania. Začiatok procesu ozdravenia IRB. Majoritným akcionárom IRB sa stal rezort financií. Postupnosť krokov, ktoré by mali viesť k ozdraveniu banky. Presun aktív do Konsolidačnej banky. Privatizácia IRB do konca roka. 
610 2 0 |a banky 
610 2 0 |a akcionári 
610 2 0 |a imanie základné 
610 2 0 |a kapitál základný 
610 2 0 |a aktíva 
610 2 0 |a oživenie 
610 2 0 |a privatizácia 
610 2 0 |a IRB, a.s. Bratislava 
100 1 |a Medžová, Andrea